Normal view
MARC view
Entry Personal Name
001 - CONTROL NUMBER
- control field: 83032
003 - CONTROL NUMBER IDENTIFIER
- control field: dpl
005 - DATE AND TIME OF LATEST TRANSACTION
- control field: 20250716115323.0
008 - FIXED-LENGTH DATA ELEMENTS
- fixed length control field: 250716|| aca||aabn | a|a d
040 ## - CATALOGING SOURCE
- Original cataloging agency: dpl
- Transcribing agency: dpl
100 ## - HEADING--PERSONAL NAME
- Personal name: Subramaniyam, Ravi
670 ## - SOURCE DATA FOUND
- Source citation: Work cat.: (dpl)212393: Subramaniyam, Ravi, Tamil Nadu Hostels and Homes For Women and Children (Regulation) Act,2014/, 2019
